[Event "I Miedzynarodowy Memorial Ireny Warakomskiej - Open B"]
[Site "Suwalki"]
[Date "2017-08-15"]
[Round "6.1"]
[White "Wolanski, Michal "]
[Black "Samborski, Henryk"]
[Result "0-1"]
[WhiteTitle ""]
[BlackTitle ""]
[WhiteElo "1920"]
[BlackElo "2096"]

1. c4 e5 2. Nc3 Nc6 3. Nf3 Nf6 4. d4 exd4 5. Nxd4 Ne5 6. Bf4 Ng6 7. Bg5 Bb4 8.
Qb3 Bc5 9. O-O-O h6 10. Bxf6 Qxf6 11. Nd5 Qxf2 12. Nxc7+ Kd8 13. Nxa8 Bxd4 14.
Qd3 Bc5 15. g3 d6 16. Qd5 Ne7 17. Qe5 Qe3+ 18. Qxe3 Bxe3+ 19. Kc2 Bf5+ 20. Kc3
Kd7 21. Bg2 Rxa8 22. Bxb7 Rb8 23. Bf3 a5 24. Bh5 g6 25. Bf3 Nc6 26. g4 Be6 27.
Rd3 Bf4 28. Bxc6+ Kxc6 29. b3 Bxg4 30. e3 Be5+ 31. Kd2 Bf5 0-1

[Event "I Miedzynarodowy Memorial Ireny Warakomskiej - Open B"]
[Site "Suwalki"]
[Date "2017-08-15"]
[Round "6.2"]
[White "Shpanko, Nadiia"]
[Black "Hrymowicz, Artur "]
[Result "0-1"]
[WhiteTitle ""]
[BlackTitle ""]
[WhiteElo "2095"]
[BlackElo "2015"]

1. e4 c5 2. Nf3 d6 3. d4 cxd4 4. Nxd4 Nf6 5. Nc3 a6 6. h3 g6 7. g4 Bg7 8. Bg2 h5
9. g5 Nfd7 10. Be3 Nc6 11. Qd2 O-O 12. O-O-O Nb6 13. b3 a5 14. Nd5 Nxd5 15. exd5
Nxd4 16. Bxd4 Bxd4 17. Qxd4 a4 18. b4 e5 19. dxe6 Qxg5+ 20. f4 Qxg2 21. Rdg1 Qf3
22. Rf1 Qa3+ 23. Kd2 Bxe6 24. f5 Bxa2 25. Rhg1 Kh7 26. Qe4 Rg8 27. fxg6+ fxg6
28. Qxb7+ Kh8 29. Rxg6 Rxg6 30. Qxa8+ Bg8 31. Qe4 Qg3 32. Qd4+ Qe5 33. Qxe5+ dxe5
34. Ra1 Ra6 35. Ra3 Bc4 36. Ke3 Kg7 37. Ke4 Kf6 38. h4 Ke6 39. c3 Ra8 40. Kf3
Kf5 41. Ke3 Ra7 42. Ra1 0-1

[Event "I Miedzynarodowy Memorial Ireny Warakomskiej - Open B"]
[Site "Suwalki"]
[Date "2017-08-15"]
[Round "6.3"]
[White "Kaczmarek, Arkadiusz "]
[Black "Janiszewski, Maciej"]
[Result "0-1"]
[WhiteTitle ""]
[BlackTitle ""]
[WhiteElo "1935"]
[BlackElo "2095"]

1. d4 d6 2. c4 c6 3. e4 Nd7 4. Nc3 h6 5. Nf3 g5 6. Be3 Bg7 7. Be2 g4 8. Nd2 h5
9. Qc2 Qb6 10. Nb3 a5 11. d5 c5 12. a3 Bh6 13. Bxh6 Nxh6 14. O-O-O Ne5 15. f4
Ng6 16. g3 Bd7 17. Nd2 O-O-O 18. Bd3 Rhf8 19. Nf1 e5 20. dxe6 fxe6 21. Ne3 Ne7
22. Rhe1 Nc6 23. Qf2 Nd4 24. Nc2 Nf3 25. Rf1 Ng8 26. Be2 Ne5 27. Qe3 Ng6 28. h3
gxh3 29. Bxh5 N6e7 30. Bg4 h2 31. Rh1 Nf6 32. Bh3 Rh8 33. g4 Rh4 34. g5 Nh5 35.
Rxh2 Rh8 36. Rf2 Nxf4 37. Rxf4 Rxh3 38. Qd2 Ng6 39. Rf2 Ne5 40. Ne3 Rg3 41. Rdf1
Kb8 42. Rf8+ Rxf8 43. Rxf8+ Ka7 44. Ncd1 Nf3 45. Qf2 Nd4 46. Qf7 Qb3 47. Qg8 Nc6
48. Ra8+ Kb6 49. Nc2 Rg2 50. Nce3 Re2 51. Qf7 Ne5 52. Qf8 Nd3+ 53. Kb1 Rxb2+ 0-1

[Event "I Miedzynarodowy Memorial Ireny Warakomskiej - Open B"]
[Site "Suwalki"]
[Date "2017-08-15"]
[Round "6.4"]
[White "Hasinski, Krystian "]
[Black "Suder, Ryszard "]
[Result "0-1"]
[WhiteTitle ""]
[BlackTitle ""]
[WhiteElo "1904"]
[BlackElo "2082"]

1. c4 Nf6 2. Nc3 d5 3. cxd5 Nxd5 4. Nf3 g6 5. g3 Bg7 6. Bg2 O-O 7. O-O c5 8. Qb3
Nc7 9. d3 Nc6 10. Ne4 b6 11. a3 Be6 12. Qc2 Rc8 13. Bd2 Nb5 14. Rac1 Nbd4 15.
Qb1 Nxf3+ 16. Bxf3 Bh3 17. Bg2 Bxg2 18. Kxg2 c4 19. Be3 cxd3 20. exd3 Nd4 21.
f3 Qd7 22. Rcd1 Rfd8 23. Rf2 Rc6 24. Qa2 Qd5 25. Qb1 Rdc8 26. Re1 Rc2 0-1

[Event "I Miedzynarodowy Memorial Ireny Warakomskiej - Open B"]
[Site "Suwalki"]
[Date "2017-08-15"]
[Round "6.5"]
[White "Amrogowicz, Dominika "]
[Black "Bogdanov, Ignat"]
[Result "0-1"]
[WhiteTitle ""]
[BlackTitle ""]
[WhiteElo "1926"]
[BlackElo "2078"]

1. e4 e6 2. d4 d5 3. Nd2 c5 4. c3 cxd4 5. cxd4 dxe4 6. Nxe4 Bb4+ 7. Nc3 Nc6 8.
Nf3 Nf6 9. a3 Bxc3+ 10. bxc3 Qa5 11. Bb2 O-O 12. Bc4 b6 13. O-O Ba6 14. Bxa6 Qxa6
15. Rc1 Na5 16. Ne5 Nc4 17. Nxc4 Qxc4 18. Re1 Rac8 19. Qd2 Nd5 20. Re4 b5 21.
Qg5 Qb3 22. Rg4 g6 23. Qd2 Nb6 24. Qh6 Qxb2 25. Rh4 Rfd8 26. Qxh7+ Kf8 27. Re1
Qd2 28. Rhe4 Qg5 29. Qh8+ Ke7 30. Qh7 Rd6 31. Re5 Qf6 32. Qh3 Nd5 33. Qd3 a6 34.
Qe4 Kf8 0-1

[Event "I Miedzynarodowy Memorial Ireny Warakomskiej - Open B"]
[Site "Suwalki"]
[Date "2017-08-15"]
[Round "6.6"]
[White "Lisowski, Krzysztof"]
[Black "Bartoszewicz, Marcin "]
[Result "1/2-1/2"]
[WhiteTitle ""]
[BlackTitle ""]
[WhiteElo "2073"]
[BlackElo "1875"]

1. e4 c5 2. Nf3 d6 3. Bb5+ Bd7 4. Bxd7+ Qxd7 5. c4 Qg4 6. O-O Qxe4 7. d4 Nd7 8.
Nc3 Qc6 9. dxc5 Nxc5 10. Be3 Nf6 11. Rc1 e6 12. b4 Nce4 13. Na4 Nd7 14. Nd4 Qc8
15. f3 Nef6 16. Nb5 Qb8 17. Bf4 e5 18. Re1 Be7 19. c5 dxc5 20. Nxc5 Bxc5+ 21.
Rxc5 O-O 22. Bxe5 Nxe5 23. Rcxe5 a6 24. Nc3 Qa7+ 25. Kh1 Rad8 26. Qb3 Rd2 27.
Nd1 Qd4 28. Re7 Qh4 29. a3 Rd7 30. R7e2 h6 31. Kg1 Rfd8 32. Nf2 Rd2 33. Rxd2 Rxd2
34. Qe3 1/2-1/2

[Event "I Miedzynarodowy Memorial Ireny Warakomskiej - Open B"]
[Site "Suwalki"]
[Date "2017-08-15"]
[Round "6.8"]
[White "Mammadov, Vafa "]
[Black "Kaczmarska, Joanna "]
[Result "0-1"]
[WhiteTitle ""]
[BlackTitle ""]
[WhiteElo "2066"]
[BlackElo "1942"]

1. c4 Nf6 2. g3 g6 3. Bg2 d5 4. cxd5 Nxd5 5. d4 Bg7 6. Nf3 O-O 7. O-O c6 8. e4
Nc7 9. Nc3 Nd7 10. Be3 b6 11. Qd2 Re8 12. Rfd1 Bb7 13. Bh6 Bh8 14. Qe3 e6 15.
h4 Qe7 16. Bg5 f6 17. Bf4 e5 18. dxe5 fxe5 19. Bg5 Qf7 20. Rd6 Ne6 21. Rad1 Ndf8
22. Bh3 Nd4 23. Nh2 Qc7 24. Rf6 Nd7 25. Rf3 Nxf3+ 26. Qxf3 Nf8 27. Ng4 Bg7 28.
Nf6+ Bxf6 29. Qxf6 Bc8 30. Bf1 Be6 31. Bh6 Qf7 32. Qg5 Nd7 33. b3 Qe7 34. Qe3
Nf6 35. Be2 Rad8 36. Qg5 Rxd1+ 37. Bxd1 Nd7 38. Qe3 Qc5 39. Qf3 Re7 40. Qd3 Rf7
41. Be3 Qf8 42. Na4 b5 43. Nc3 Nb6 44. Be2 Qc8 45. Qd6 Qe8 46. Qxe5 Bd7 47. Qd4
Bh3 48. Nd1 Rd7 49. Qb4 h5 50. Nb2 Be6 51. f3 Bf7 52. Bc1 0-1

[Event "I Miedzynarodowy Memorial Ireny Warakomskiej - Open B"]
[Site "Suwalki"]
[Date "2017-08-15"]
[Round "6.9"]
[White "Beczala, Pawel "]
[Black "Grabowski, Adam"]
[Result "1/2-1/2"]
[WhiteTitle ""]
[BlackTitle ""]
[WhiteElo "1789"]
[BlackElo "2063"]

1. e4 c6 2. c4 d5 3. exd5 cxd5 4. cxd5 Nf6 5. Qa4+ Nbd7 6. Nc3 g6 7. Bc4 Bg7 8.
Nf3 O-O 9. d3 Nb6 10. Qb3 Bg4 11. Ne5 Qc7 12. f4 Qc5 13. h3 Bc8 14. Ke2 Nh5 15.
Be3 Nxf4+ 16. Bxf4 Qd4 17. Nxg6 hxg6 18. Be3 Qe5 19. Rhf1 Bf5 20. Rf3 Rad8 21.
Kf2 Qc7 22. Nb5 Qb8 23. Re1 Nd7 24. Kg1 a6 25. Nd4 Ne5 26. Rf2 b5 27. Nxf5 gxf5
28. Bf4 f6 29. d4 bxc4 30. Qg3 Qb4 31. Bd2 Qd6 32. dxe5 fxe5 33. Bc3 f4 34. Qxg7+
Kxg7 35. Bxe5+ Kg6 36. Bxd6 Rxd6 37. Rxe7 Rxd5 38. Re6+ Kg5 39. Rxa6 Re8 40. h4+
Kf5 41. g3 Kg4 42. gxf4 Kh3 43. Ra3+ Kxh4 44. Rg2 Re1+ 45. Kh2 Rd3 46. Rf2 Rxa3
47. bxa3 c3 48. Rc2 Kg4 1/2-1/2

[Event "I Miedzynarodowy Memorial Ireny Warakomskiej - Open B"]
[Site "Suwalki"]
[Date "2017-08-15"]
[Round "6.10"]
[White "Wierzbicki, Michal "]
[Black "Golek, Jagoda"]
[Result "1/2-1/2"]
[WhiteTitle ""]
[BlackTitle ""]
[WhiteElo "1890"]
[BlackElo "2058"]

1. d4 d5 2. Nf3 e6 3. c4 c6 4. cxd5 exd5 5. Qc2 Nf6 6. Nc3 Be7 7. Bg5 O-O 8. e3
Re8 9. Bd3 Nbd7 10. O-O h6 11. Bf4 Nf8 12. h3 Bd6 13. Be5 Qe7 14. Rab1 N8d7 15.
Bxd6 Qxd6 16. b4 a5 17. b5 c5 18. dxc5 Nxc5 19. Rfc1 Be6 20. Na4 Nxd3 21. Qxd3
Rac8 22. Nd4 Ne4 23. Nxe6 fxe6 24. Rc2 Rf8 25. f3 Ng3 26. Rbc1 Rxc2 27. Qxc2 Qa3
28. Re1 Nf5 29. Qb3 Qd6 30. Qb2 Rc8 31. Rc1 Rc4 32. Rxc4 dxc4 33. e4 Nd4 34. Kf2
e5 35. Qc3 Kh7 36. Qxc4 Qa3 37. f4 Qf8 38. f5 Qe7 39. Nc3 Qh4+ 40. Kf1 Qf4+ 41.
Kg1 Qg3 42. Kh1 Qe1+ 43. Kh2 Qd2 44. Kh1 Qc1+ 45. Kh2 Qf4+ 46. Kg1 Qc1+ 47. Kh2
1/2-1/2

[Event "I Miedzynarodowy Memorial Ireny Warakomskiej - Open B"]
[Site "Suwalki"]
[Date "2017-08-15"]
[Round "6.11"]
[White "Medvedyk, Volodymyr"]
[Black "Duda, Lukasz Lech"]
[Result "1-0"]
[WhiteTitle ""]
[BlackTitle ""]
[WhiteElo "2053"]
[BlackElo "1906"]

1. Nf3 Nf6 2. c4 e6 3. g3 d5 4. d4 Be7 5. Bg2 O-O 6. O-O dxc4 7. Qc2 Bd7 8. Ne5
Bc6 9. Nxc6 Nxc6 10. Bxc6 bxc6 11. Qxc4 Qd5 12. Qa4 c5 13. dxc5 Bxc5 14. Nc3 Qh5
15. Ne4 Ng4 16. h4 Bb6 17. Ng5 Nxf2 18. Rxf2 Qxe2 19. Qf4 f6 20. Nh3 Rad8 21.
Kg2 Bxf2 22. Qxf2 Qe4+ 23. Qf3 Qe1 24. Nf2 e5 25. b4 Rd6 26. Bb2 Qd2 27. Qb3+
Kh8 28. Rd1 Qe2 29. Rxd6 cxd6 30. Bc1 h6 31. a4 Rc8 32. Be3 d5 33. Bxa7 Rc1 34.
Qd3 Qe1 35. Qxd5 Qg1+ 36. Kf3 Rc3+ 37. Be3 Qb1 38. Qa8+ Kh7 39. Qe4+ Qxe4+ 40.
Nxe4 Ra3 41. Nc5 g5 42. hxg5 hxg5 43. g4 Kg6 44. b5 Ra1 45. b6 Rb1 46. b7 f5 47.
gxf5+ Kxf5 48. a5 g4+ 49. Kg3 1-0

[Event "I Miedzynarodowy Memorial Ireny Warakomskiej - Open B"]
[Site "Suwalki"]
[Date "2017-08-15"]
[Round "6.12"]
[White "Janulek, Dawid "]
[Black "Szewczyk, Mariusz"]
[Result "0-1"]
[WhiteTitle ""]
[BlackTitle ""]
[WhiteElo "2006"]
[BlackElo "2053"]

1. e4 e5 2. Nf3 Nc6 3. Bb5 a6 4. Ba4 Nf6 5. d3 d6 6. O-O b5 7. Bb3 Be7 8. c3 O-O
9. Nbd2 Na5 10. Bc2 c5 11. h3 Nc6 12. Re1 Nd7 13. Nf1 Bf6 14. Ne3 Nb6 15. g4 g6
16. Kh2 d5 17. Rg1 Kh8 18. a4 d4 19. axb5 axb5 20. Rxa8 Nxa8 21. Nd5 Bg7 22. Bd2
Nb6 23. Bb3 Be6 24. Nxb6 Qxb6 25. Bxe6 fxe6 26. Kg3 dxc3 27. bxc3 b4 28. cxb4
cxb4 29. Be3 Nd4 30. Nxd4 exd4 31. Bd2 b3 32. f4 Qb5 33. Qb1 b2 34. Qc2 Rb8 35.
Rb1 Bf8 36. Kf3 g5 37. f5 exf5 38. gxf5 Bd6 39. Bxg5 Qe5 40. Qg2 h6 41. Qg4 hxg5
42. Qxg5 Qg7 43. Qh4+ Kg8 44. Kf2 Be5 45. Kf3 Kf7 46. Qh5+ Ke7 47. Qh4+ Kd6 0-1

[Event "I Miedzynarodowy Memorial Ireny Warakomskiej - Open B"]
[Site "Suwalki"]
[Date "2017-08-15"]
[Round "6.14"]
[White "Ostrowski, Robert"]
[Black "Milewski, Karol"]
[Result "1-0"]
[WhiteTitle ""]
[BlackTitle ""]
[WhiteElo "2050"]
[BlackElo "1747"]

1. e4 c5 2. Nf3 d6 3. d4 cxd4 4. c3 d3 5. Bxd3 Nc6 6. h3 g6 7. O-O Bg7 8. Bf4 Nf6
9. b4 Nd7 10. Qb3 O-O 11. Nbd2 Nde5 12. Be2 Be6 13. Qb2 Rc8 14. Rac1 a6 15. Rfd1
b5 16. a4 Qb6 17. Be3 Qb7 18. axb5 axb5 19. Nd4 Bc4 20. Nxc4 Nxc4 21. Bxc4 bxc4
22. Nxc6 Qxc6 23. f3 Rb8 24. Rd5 Rb5 25. Rxb5 Qxb5 26. Rd1 Rb8 27. Qa3 h5 28.
Rd5 Qc6 29. Qa7 Ra8 30. Qxe7 Ra1+ 31. Kh2 Re1 32. Rxd6 Qxd6+ 33. Qxd6 Rxe3 34.
Qd5 Rxc3 35. b5 Rc2 36. b6 Rb2 37. b7 c3 38. Qc6 c2 39. f4 Rxb7 40. Qxc2 Rb2 41.
Qc4 Rb7 42. g4 h4 43. g5 Rb2+ 44. Kg1 Rb1+ 45. Kg2 Rb2+ 46. Kf3 Rh2 47. Kg4 1-0

[Event "I Miedzynarodowy Memorial Ireny Warakomskiej - Open B"]
[Site "Suwalki"]
[Date "2017-08-15"]
[Round "6.15"]
[White "Zianowicz, Dominik "]
[Black "Sapeta, Robert "]
[Result "1/2-1/2"]
[WhiteTitle ""]
[BlackTitle ""]
[WhiteElo "1843"]
[BlackElo "2040"]

1. d4 d6 2. Nf3 Bg4 3. e4 c6 4. c3 Nd7 5. Nbd2 Ngf6 6. Bd3 e5 7. Qb3 Qc7 8. Nf1
d5 9. Nxe5 Nxe5 10. dxe5 Nxe4 11. Bxe4 dxe4 12. Bf4 Be6 13. Qc2 f5 14. Rd1 Be7
15. h4 O-O 16. Ne3 Rad8 17. Rxd8 Qxd8 18. h5 Qa5 19. a3 Qb5 20. Qe2 Qb3 21. O-O
Rd8 22. f3 Qa4 23. fxe4 Qxe4 24. Qf3 Bc5 25. Qxe4 fxe4 26. Kh2 Rf8 27. Bg5 h6
28. Rxf8+ Kxf8 29. Bf4 b5 30. Kg3 Ke7 31. Kh4 a5 32. g4 Kf7 33. Kg3 g5 34. hxg6+
Kxg6 35. Nc2 Bd5 36. b4 axb4 37. axb4 Bb6 38. Nd4 1/2-1/2

[Event "I Miedzynarodowy Memorial Ireny Warakomskiej - Open B"]
[Site "Suwalki"]
[Date "2017-08-15"]
[Round "6.17"]
[White "Sobczak, Miroslaw"]
[Black "Kowalec, Maciej"]
[Result "0-1"]
[WhiteTitle ""]
[BlackTitle ""]
[WhiteElo "1925"]
[BlackElo "2038"]

1. e4 d5 2. exd5 Qxd5 3. Nc3 Qd6 4. d4 Nf6 5. Nf3 Bg4 6. g3 c6 7. Bg2 e6 8. O-O
Qc7 9. Qe2 Nbd7 10. Bf4 Bd6 11. Bxd6 Qxd6 12. Ne4 Nxe4 13. Qxe4 Bxf3 14. Bxf3
Nf6 15. Qe3 O-O 16. Rfe1 Rfd8 17. Rad1 a5 18. a3 Nd5 19. Qd3 Rab8 20. c4 Nf6 21.
c5 Qc7 22. b4 axb4 23. axb4 Ra8 24. Qb3 b5 25. cxb6 Qxb6 26. b5 Rab8 27. Rb1 cxb5
28. Be2 b4 29. Bc4 Qxd4 30. Rbd1 Qc3 31. Rxd8+ Rxd8 32. Qxc3 bxc3 33. Rc1 Ne4
34. Ba6 Rd2 35. f3 c2 0-1

[Event "I Miedzynarodowy Memorial Ireny Warakomskiej - Open B"]
[Site "Suwalki"]
[Date "2017-08-15"]
[Round "6.18"]
[White "Krasiewicz, Robert "]
[Black "Jankowiak, Tomasz"]
[Result "1-0"]
[WhiteTitle ""]
[BlackTitle ""]
[WhiteElo "2031"]
[BlackElo "1905"]

1. c4 e5 2. g3 c5 3. Bg2 Nc6 4. Nc3 g6 5. d3 Bg7 6. e4 Nge7 7. Be3 d6 8. Qd2 Be6
9. Nge2 Qd7 10. Nd5 Nd4 11. Nec3 O-O 12. O-O Nec6 13. Rab1 b6 14. b4 Rab8 15.
a3 f5 16. b5 Nd8 17. exf5 gxf5 18. f4 Kh8 19. a4 Nb7 20. Kh1 Rf7 21. Rbe1 Kg8
22. Nd1 Na5 23. Nf2 Nab3 24. Qd1 h6 25. h4 Kh7 26. Kh2 Rh8 27. Nh3 Kg8 28. Rf2
Kf8 29. Rb2 Na5 30. Bxd4 cxd4 31. Qh5 Rg8 32. Rbe2 Bxd5 33. Bxd5 Nb7 34. fxe5
dxe5 35. Nf4 e4 36. dxe4 fxe4 37. Ng6+ Ke8 38. Rxe4+ Kd8 39. Bxf7 Qxf7 40. Re7
Qf2+ 41. Kh1 1-0

[Event "I Miedzynarodowy Memorial Ireny Warakomskiej - Open B"]
[Site "Suwalki"]
[Date "2017-08-15"]
[Round "6.20"]
[White "Kalmuk, Krzysztof"]
[Black "Lascar, Radoslawa"]
[Result "1-0"]
[WhiteTitle ""]
[BlackTitle ""]
[WhiteElo "2030"]
[BlackElo "1778"]

1. d4 Nf6 2. Nf3 c5 3. d5 d6 4. Nc3 g6 5. e4 Nbd7 6. h3 Bg7 7. Be2 O-O 8. O-O a6
9. a4 b6 10. Bf4 Ne8 11. Qd2 Qc7 12. b3 Bb7 13. Rad1 Rd8 14. Bg5 Nef6 15. Rfe1
Ne5 16. Nh2 Ne8 17. f4 f6 18. Bh4 Nf7 19. Bg4 Bc8 20. Be6 Kh8 21. Nf3 Qb8 22.
Bf2 Nc7 23. Bxc8 Qxc8 24. Qe2 Qb7 25. Rd3 b5 26. Nh4 Bh6 27. Rf3 e6 28. dxe6 Nxe6
29. Nd5 Kg7 30. g3 g5 31. Nf5+ Kh8 32. Qd2 Bg7 33. Nxg7 Kxg7 34. Qc3 Nh6 35. fxg5
Nxg5 36. Rxf6 Nxh3+ 37. Kg2 Ng4 38. Rf4+ Ne5 39. Kxh3 b4 40. Qd2 Nf3 41. Rxf3
Rxf3 42. Qg5+ 1-0

[Event "I Miedzynarodowy Memorial Ireny Warakomskiej - Open B"]
[Site "Suwalki"]
[Date "2017-08-15"]
[Round "6.21"]
[White "Gawronski, Miroslaw"]
[Black "Pytel, Maciej"]
[Result "1-0"]
[WhiteTitle ""]
[BlackTitle ""]
[WhiteElo "2014"]
[BlackElo "1967"]

1. e4 c5 2. c4 Nc6 3. Nc3 g6 4. g3 e5 5. Bg2 Bg7 6. Nge2 Nge7 7. O-O O-O 8. d3
d6 9. f4 f5 10. Be3 Nd4 11. Qd2 fxe4 12. dxe4 Be6 13. Nd5 Nec6 14. Rae1 Bg4 15.
Nec3 Qd7 16. Rf2 Rf7 17. Ref1 Raf8 18. b3 Bh3 19. Ne2 Bg4 20. Nec3 a6 21. Nb6
Qd8 22. Ncd5 Be6 23. h3 h5 24. Qd1 Bxd5 25. Nxd5 Bh6 26. Kh2 Kg7 27. f5 Bxe3 28.
Nxe3 Qg5 29. Qd2 Kh8 30. h4 Qh6 31. f6 Nb8 32. Bh3 Nbc6 33. Kg2 g5 34. Nf5 Qxf6
35. Qxg5 Qxg5 36. hxg5 Kh7 37. Nxd6 Rxf2+ 38. Rxf2 Rxf2+ 39. Kxf2 b6 40. Bf5+
Kg7 41. Ne8+ Kf7 42. Nf6 Ne7 43. Nxh5 Nexf5 44. exf5 Nxf5 45. Nf6 Kg6 46. Nd7
Kxg5 47. Nxe5 Nd6 48. Nd7 Ne4+ 49. Ke3 Nxg3 50. Nxb6 Kf5 51. Nd7 Ne4 52. Nb8 a5
53. Nc6 Nc3 54. a4 Ke6 55. Nxa5 Kd6 56. Nb7+ Kc6 57. Nd8+ Kc7 58. Ne6+ Kb6 59.
Nf4 Nd1+ 60. Ke2 Nc3+ 61. Kd3 Nd1 62. Nh3 Ka5 63. Kd2 Nb2 64. Kc2 Nxc4 65. bxc4
Kb4 66. Kd3 Kxa4 67. Ke4 1-0

[Event "I Miedzynarodowy Memorial Ireny Warakomskiej - Open B"]
[Site "Suwalki"]
[Date "2017-08-15"]
[Round "6.22"]
[White "Szczygiel, Konrad"]
[Black "Falkowski, Dawid "]
[Result "1-0"]
[WhiteTitle ""]
[BlackTitle ""]
[WhiteElo "1862"]
[BlackElo "2013"]

1. d4 Nf6 2. c4 e5 3. dxe5 Ng4 4. Nf3 Nc6 5. e3 Ngxe5 6. Nxe5 Nxe5 7. Be2 Bb4+
8. Bd2 Qe7 9. O-O O-O 10. Nc3 Bxc3 11. Bxc3 d6 12. Kh1 Bf5 13. Qd4 f6 14. Rad1
Kh8 15. Qf4 Be6 16. b3 Rad8 17. c5 Ng6 18. Qb4 dxc5 19. Qxb7 Nh4 20. Bf3 Nxf3
21. Qxf3 Rd6 22. e4 Rfd8 23. e5 fxe5 24. Bxe5 Rxd1 25. Rxd1 Bd5 26. Rxd5 1-0

[Event "I Miedzynarodowy Memorial Ireny Warakomskiej - Open B"]
[Site "Suwalki"]
[Date "2017-08-15"]
[Round "6.23"]
[White "Czarniecka, Aleksandra "]
[Black "Budzinski, Jan "]
[Result "0-1"]
[WhiteTitle ""]
[BlackTitle ""]
[WhiteElo "1875"]
[BlackElo "2012"]

1. e4 e6 2. d4 d5 3. Nc3 Bb4 4. e5 c5 5. a3 Ba5 6. b4 cxd4 7. Nb5 Bc7 8. f4 Ne7
9. Bd3 Nbc6 10. Nf3 a6 11. Nxc7+ Qxc7 12. O-O Ng6 13. Ng5 Bd7 14. Qh5 Nce7 15.
g4 h6 16. Nxf7 Kxf7 17. f5 Raf8 18. fxe6+ Kxe6 19. Bf5+ Nxf5 20. Qxg6+ Ke7 21.
gxf5 Kd8 22. e6 Bb5 23. Bf4 Qe7 24. Rfe1 Rf6 25. Qg4 g6 26. Be5 Rxf5 27. Qxd4
Rhf8 28. Qxd5+ Ke8 29. Qd6 Rg5+ 30. Kh1 Qxd6 0-1

[Event "I Miedzynarodowy Memorial Ireny Warakomskiej - Open B"]
[Site "Suwalki"]
[Date "2017-08-15"]
[Round "6.24"]
[White "Slezinski, Nikodem "]
[Black "Kaniak, Justyna"]
[Result "1-0"]
[WhiteTitle ""]
[BlackTitle ""]
[WhiteElo "1995"]
[BlackElo "1901"]

1. e4 e5 2. Nc3 Nf6 3. Bc4 Bc5 4. d3 d6 5. Na4 Bb6 6. Nxb6 axb6 7. Ne2 Be6 8. Bxe6
fxe6 9. f4 exf4 10. Nxf4 Qe7 11. O-O O-O 12. c3 Nbd7 13. Be3 Kh8 14. h3 d5 15.
exd5 exd5 16. Qd2 Qd6 17. a3 c5 18. Ne2 Rae8 19. Bf4 Qc6 20. Bh2 b5 21. Kh1 Ne5
22. Rf5 Ng6 23. Raf1 Qe6 24. R5f2 Qe3 25. Nf4 Qxd2 26. Nxg6+ hxg6 27. Rxd2 Re6
28. Bg1 Rc8 29. Kh2 Kg8 30. Rf4 Kf7 31. g4 g5 32. Rf5 Kg6 33. Kg2 b6 34. Rf3 Rce8
35. b4 Nd7 36. Rf5 Re5 37. Rxe5 Rxe5 38. d4 cxd4 39. Bxd4 Re6 40. Kf2 Ne5 41.
Re2 Nd3+ 42. Kf1 Nf4 43. Rxe6+ Nxe6 44. Bxb6 Kf6 45. Be3 Ke5 46. Ke2 Ke4 47. Kd2
Nf4 48. Bd4 Ne6 49. a4 bxa4 50. b5 a3 51. Kc2 Nxd4+ 52. cxd4 Kxd4 53. b6 Ke3 54.
b7 a2 55. Kb2 d4 56. b8=Q d3 57. Qe5+ Kd2 58. Qxg5+ Ke2 59. Qe5+ Kd1 60. Qxg7
d2 61. Qd4 1-0

[Event "I Miedzynarodowy Memorial Ireny Warakomskiej - Open B"]
[Site "Suwalki"]
[Date "2017-08-15"]
[Round "6.25"]
[White "Litner, Igor "]
[Black "Kukorowski, Jan"]
[Result "1/2-1/2"]
[WhiteTitle ""]
[BlackTitle ""]
[WhiteElo "1991"]
[BlackElo "1670"]

1. d4 e6 2. Nf3 f5 3. c4 Nf6 4. Nc3 d5 5. Bf4 c6 6. e3 Bd6 7. Bg3 Bxg3 8. hxg3
Nbd7 9. Bd3 Ne4 10. g4 Ndf6 11. gxf5 exf5 12. cxd5 cxd5 13. Qb3 O-O 14. Bxe4 fxe4
15. Ne5 b6 16. O-O-O Be6 17. f3 exf3 18. gxf3 Rc8 19. Kb1 Qe7 20. Rdg1 Nd7 21.
Nxd5 Qd6 22. Qd3 Bf5 23. e4 Qxd5 24. exd5 Bxd3+ 25. Nxd3 Rcd8 26. Nb4 Nb8 27.
Nc6 Nxc6 28. dxc6 Rxd4 29. Rd1 Rxd1+ 30. Rxd1 Rc8 31. Rc1 Kf7 32. a4 a6 33. b4
b5 34. axb5 axb5 35. Rc5 Ke6 36. Kc2 Kd6 37. Kd3 Rxc6 38. Rxb5 Rc7 39. Kd4 Rd7
40. Ra5 Kc6+ 41. Kc4 Rf7 42. Ra6+ Kb7 43. Ra3 Kb6 44. Re3 Rf4+ 45. Kd5 Rxb4 46.
Re6+ Ka5 47. Re7 Rb5+ 48. Ke6 Rg5 49. f4 Rg2 50. Rb7 h5 51. Rb1 g6 52. f5 gxf5
53. Kxf5 1/2-1/2

[Event "I Miedzynarodowy Memorial Ireny Warakomskiej - Open B"]
[Site "Suwalki"]
[Date "2017-08-15"]
[Round "6.26"]
[White "Semczuk, Jerzy "]
[Black "Szczygiel, Jakub "]
[Result "1/2-1/2"]
[WhiteTitle ""]
[BlackTitle ""]
[WhiteElo "1989"]
[BlackElo "1797"]

1. d4 Nf6 2. c4 g6 3. g3 Bg7 4. Bg2 d5 5. cxd5 Nxd5 6. Nc3 Nxc3 7. bxc3 c6 8. Nf3
O-O 9. O-O Nd7 10. Bf4 Qa5 11. Bd2 Qa6 12. Re1 e5 13. Qc2 Re8 14. e4 exd4 15.
cxd4 Nb6 16. a4 Qc4 17. Bc3 Rb8 18. a5 Na8 19. Bf1 Qe6 20. d5 Qe7 21. Bxg7 Kxg7
22. Qc3+ Kg8 23. Rad1 Rd8 24. d6 Rxd6 25. Qc5 Re6 26. Qxa7 Qc7 27. Qc5 Re8 28.
Qg5 Kg7 29. e5 Be6 30. Qf6+ Kg8 31. Ng5 Qe7 32. Ne4 Nc7 33. Qxe7 Rxe7 34. Nf6+
Kg7 35. Bg2 Ra8 36. Ra1 Bd5 37. f4 Bxg2 38. Kxg2 Ne8 39. Ne4 f6 40. Nc5 fxe5 41.
fxe5 Rd8 42. Rab1 Rb8 43. Re4 Kf7 44. Rb6 Ra8 45. Nxb7 Ke6 46. Rbb4 Nc7 47. Rbc4
Nb5 48. a6 Kd5 49. Nc5 Rxe5 50. Rxe5+ Kxc4 51. Ne6 Rxa6 52. Kf3 Nd4+ 53. Ke4 Nxe6
54. Rxe6 Kb5 55. Re7 h5 56. Kd4 c5+ 57. Kc3 Rf6 58. Rg7 Rf3+ 59. Kc2 Rf2+ 60.
Kc3 Rxh2 61. Rxg6 1/2-1/2

[Event "I Miedzynarodowy Memorial Ireny Warakomskiej - Open B"]
[Site "Suwalki"]
[Date "2017-08-15"]
[Round "6.27"]
[White "Wielek, Thomas "]
[Black "Budnik, Mateusz"]
[Result "1/2-1/2"]
[WhiteTitle ""]
[BlackTitle ""]
[WhiteElo "1766"]
[BlackElo "1987"]

1. g4 c5 2. Bg2 Nc6 3. c4 e6 4. d3 d5 5. cxd5 exd5 6. Qb3 d4 7. Bd5 Qc7 8. g5 Bg4
9. Nf3 Bh5 10. Na3 Nge7 11. Be4 Ng6 12. Nb5 Qd7 13. Bd2 Be7 14. Qd5 Rd8 15. Qxd7+
Rxd7 16. Bf5 Rd8 17. Nc7+ Kf8 18. Be4 Bd6 19. Nb5 Ke7 20. Bxg6 hxg6 21. Nxd6 Rxd6
22. Ng1 Re6 23. f3 Kd7 24. h4 Ne5 25. O-O-O Rc8 26. b3 Nc6 27. Rh2 Rce8 28. Kb2
Ne7 29. Rc1 b6 30. Rc2 Nf5 31. Bf4 a5 32. a3 Ra8 33. b4 axb4 34. axb4 Rc6 35.
b5 Rcc8 36. Bd2 Nd6 37. Nh3 Nxb5 38. Nf4 Kd6 39. Rh1 Ra4 40. Rcc1 Rca8 41. Ra1
Rxa1 42. Rxa1 Rxa1 43. Kxa1 Nc7 44. Nh3 Ke6 45. Kb2 b5 46. Kb3 Kf5 47. Nf2 Ne6
48. Ne4 Ke5 49. Be1 Kd5 50. Bg3 c4+ 51. Kc2 c3 52. Kb3 b4 53. Bd6 f5 54. gxf6
gxf6 55. Bxb4 f5 56. Ng3 Ke5 57. Be7 Kd5 58. Ba3 Nf4 59. Bc1 Nh3 60. Kc2 Ke5 61.
Kd1 Ng1 62. Nxh5 gxh5 63. f4+ Kd5 64. Ke1 Kc5 65. Kf2 Nh3+ 66. Kg2 Kb4 67. Kxh3
Kb3 68. Kg2 Kc2 69. Ba3 Kb3 70. Bc1 Kc2 1/2-1/2

[Event "I Miedzynarodowy Memorial Ireny Warakomskiej - Open B"]
[Site "Suwalki"]
[Date "2017-08-15"]
[Round "6.28"]
[White "Murawko, Katarzyna "]
[Black "Widelski, Kacper "]
[Result "1/2-1/2"]
[WhiteTitle ""]
[BlackTitle ""]
[WhiteElo "1967"]
[BlackElo "1880"]

1. e4 c5 2. Nf3 Nc6 3. d4 cxd4 4. Nxd4 Nf6 5. Nc3 e5 6. Ndb5 d6 7. a4 Be6 8. Bg5
a6 9. Na3 Be7 10. Bxf6 gxf6 11. Bc4 O-O 12. Bxe6 fxe6 13. Qd3 f5 14. exf5 Rxf5
15. O-O d5 16. Ne2 Qf8 17. f4 Bc5+ 18. Kh1 e4 19. Qh3 Nd4 20. Nxd4 Bxd4 21. c3
Bg7 22. Nc2 e5 23. Ne3 Rxf4 24. Qe6+ Kh8 25. g3 Rf2 26. Nf5 e3 27. Qd7 d4 28.
Rxf2 exf2 29. Kg2 dxc3 30. bxc3 Rd8 31. Qxg7+ Qxg7 32. Nxg7 Kxg7 33. Kxf2 Kf6
1/2-1/2